| 000 | 00000nam##2200000za#4500 |
| 001 | 9.607452 |
| 003 | CaOODSP |
| 005 | 20241210082328 |
| 007 | cr ||||||||||| |
| 008 | 150406|2002||||xxc|||||o f|0| 0 fre|d |
| 022 | |a1701-9419 |
| 040 | |aCaOODSP|bfre |
| 043 | |an-cn--- |
| 086 | 1 |aFB3-2/102-42F-PDF |
| 110 | 2 |aBanque du Canada. |
| 245 | 10|aSalaire réel, chocs technologiques et fluctuations économiques / |h[ressource électronique]|cpar Dominique Tremblay. |
| 260 | |aOttawa - Ontario : |bBanque du Canada |c2002. |
| 300 | |a70p.|bgraphiques, références, tableaux |
| 490 | 1 |aBanque du Canada - document de travail|x1701-9419|v2002-42 |
| 500 | |aFichier reproduit à partir de l'original imprimé. Le numéro ISSN (1192-5434) de l'édition imprimée apparaît dans la version PDF. |
| 590 | |a14-15-Supp|b2014-09-04 |
| 720 | 1 |aTremblay, Dominique |
| 776 | 0#|tSalaire réel, chocs technologiques et fluctuations économiques / |w(CaOODSP)9.626097 |
| 830 | #0|aDocument de travail (Banque du Canada)|x1701-9419|v2002-42|w(CaOODSP)9.501087 |
| 856 | 40|ahttp://publications.gc.ca|qPDF|s323 Ko|uhttps://publications.gc.ca/collections/collection_2014/banque-bank-canada/FB3-2-102-42-fra.pdf|y2002-42 |